000 00788cam a22002773a 4500
001 31599
003 PGUSA
005 20140828083701.0
008 100311s2010||||xxu|||||s|||||000 1 eng d
040 _aPGUSA
_beng
042 _adc
050 4 _aPS
100 1 _aAycock, Roger D.,
_d1914-2004
245 1 0 _aTo Remember Charlie By
_h[electronic resource] /
_cRoger D. Aycock
260 _bProject Gutenberg,
_c2010
506 _aPublic domain in the USA.
516 _aElectronic text
653 _aChildren with disabilities -- Fiction
653 _aShort stories
653 _aParapsychology -- Fiction
653 _aScience fiction
653 _aFlorida -- Fiction
830 0 _aProject Gutenberg
_v31599
856 4 0 _uhttp://www.gutenberg.org/ebooks/31599
942 _cEB
999 _c260854
_d260854